| 000 | 02540nam a2200493 c 4500 | ||
|---|---|---|---|
| 003 | BLK | ||
| 005 | 20240315005326.0 | ||
| 008 | 180409b bul|||||r ||||||| ||bul|| | ||
| 010 | _aKNG00100354000 | ||
| 020 |
_a954-8453-70-3 _bиздат.: Весела Люцканова |
||
| 040 | _aBLK | ||
| 041 |
_aBUL _cBUL |
||
| 080 |
_aМеждународни политически отношения. Световна политика. Международна политика. Дипломация _b327 _x(73)(092)(093.3) _z327(73)(092)(093.3) |
||
| 080 |
_aАктивни начини на борба - Политически бойкот, саботаж, политически стачки, провокации, метежи, възстания. Вж и 331.109 _b323.26 _x(497.15) _z323.26(497.15) |
||
| 080 |
_a _b929 Холбрук, Ричард _x _z929 Холбрук, Ричард |
||
| 100 | 1 |
_aХолбрук, Ричард _eпърви автор _9137351 |
|
| 700 | 1 |
_aКожухаров, Кънчо _eпрев. от англ. _9363854 |
|
| 139 |
_aХолбрук, Ричард _bХ 60 |
||
| 245 | 1 | 0 |
_aДа спреш една война _cРичард Холбрук; прев. от англ. Кънчо Кожухаров. |
| 257 | _aUSA | ||
| 260 |
_аСофия _bВесела Люцканова _c2001 _fСофия : Петекстон |
||
| 300 |
_a668 с. _bс портр., 8 л. ил. _c20 см |
||
| 380 | _a3 | ||
| 500 | _aСъдържа и Списък на действащите лица ; За автора. - Офс. изд. - 500 тир. . Библиогр. с. 628-631 ; Азб. показалец. | ||
| 504 | _a628-631 | ||
| 600 | 1 | 4 |
_aХолбрук, Ричард _9137351 |
| 650 | 4 |
_aДипломати, американски - спомени _9306408 |
|
| 650 | 4 |
_aДипломация - САЩ - спомени _9306409 |
|
| 650 | 0 |
_aМеждународни отношения _9245477 |
|
| 650 | 4 |
_aКонфликти - Босна и Херцеговина _9306410 |
|
| 653 | _aБосна и Херцеговина | ||
| 653 | _aХерцеговина | ||
| 653 | _aвоенни конфликти | ||
| 653 | _aамериканска дипломация | ||
| 653 | _aмеждународни отношения | ||
| 653 | _aспомени | ||
| 653 | _aРичард Холбрук | ||
| 852 | _aЦб 210766 | ||
| 856 | 4 |
_qpdf _u |
|
| 856 | 4 |
_qpdf _u |
|
| 942 |
_cKNG _n0 _02 |
||
| 944 |
_aCR _c01.01.2001 _k _lCRON CRON |
||
| 944 |
_aED _c27.06.2007 _k |
||
| 999 |
_c95497 _d95497 |
||